00987nam a2200277 i 4500003001000000005001700010007000300027008004100030020001800071040003500089041000800124084001000132100004200142245008800184250002200272264006300294300010800357336002700465337003300492338002800525490003600553650003000589650002600619650003900645650002500684CO-BoRNBP20250117144922.0ta250117s2022 Uy a|||| |||| 00| 0 spa d a9789915651156 aCO-BoRNBPbspacCO-BoRNBPerda aspa aC CUE aEquipo Editorial Mammoth Worldeautor aEn la tierra prehistórica/cautor e ilustraciones, Equipo Editorial Mammoth World aPrimera edición 4aMontevideo, Uruguay, bLatinbooks International S.A.c2022 a10 páginas, bilustraciones a color, suaves texturas de silicona, tapa dura, calto 17 cm ancho 17 cm 2rdacontentatextobtxt 2rdamediaasin mediaciónbn 2rdacarrieravolumenbnc aToco y aprendopSuaves texturas 2LEMBaLiteratura infantil 2LEMBaCuento infantil 2LEMBaDiversiónventretenimiento 2LEMBaTocovtexturas